NBA Players Who: Averaged 2 Steals per Game - Statistics

General Stats
  • This quiz has been taken 67 times
    43 since last reset
  • The average score is 161 of 385
Answer Stats
Year SPG Player % Correct
1996 2.2 Michael Jordan
89%
1993 2.8 Michael Jordan
89%
1992 2.3 Michael Jordan
89%
1991 2.7 Michael Jordan
89%
1990 2.8 Michael Jordan
89%
1989 2.9 Michael Jordan
89%
1988 3.2 Michael Jordan
89%
1987 2.9 Michael Jordan
89%
1985 2.4 Michael Jordan
89%
1980 2.7 Eddie Jordan
87%
1979 2.5 Eddie Jordan
87%
1997 2.0 John Stockton
87%
1995 2.4 John Stockton
87%
1994 2.4 John Stockton
87%
1993 2.4 John Stockton
87%
1992 3.0 John Stockton
87%
1991 2.9 John Stockton
87%
1990 2.7 John Stockton
87%
1989 3.2 John Stockton
87%
1988 3.0 John Stockton
87%
1987 2.2 John Stockton
87%
2005 2.2 LeBron James
84%
1984 2.2 Magic Johnson
84%
1983 2.2 Magic Johnson
84%
1982 2.7 Magic Johnson
84%
1981 3.4 Magic Johnson
84%
1980 2.4 Magic Johnson
84%
1999 2.0 Scottie Pippen
84%
1995 2.9 Scottie Pippen
84%
1994 2.9 Scottie Pippen
84%
1993 2.1 Scottie Pippen
84%
1991 2.4 Scottie Pippen
84%
1990 2.6 Scottie Pippen
84%
2003 2.2 Kobe Bryant
82%
2019 2.0 James Harden
79%
2016 2.0 Russell Westbrook
79%
2015 2.1 Russell Westbrook
79%
2016 2.1 Stephen Curry
79%
2015 2.0 Stephen Curry
79%
2019 2.0 Chris Paul
76%
2017 2.0 Chris Paul
76%
2016 2.1 Chris Paul
76%
2014 2.5 Chris Paul
76%
2013 2.4 Chris Paul
76%
2012 2.5 Chris Paul
76%
2011 2.4 Chris Paul
76%
2009 2.8 Chris Paul
76%
2008 2.7 Chris Paul
76%
2006 2.2 Chris Paul
76%
1990 2.1 Hakeem Olajuwon
76%
1989 2.6 Hakeem Olajuwon
76%
1988 2.1 Hakeem Olajuwon
76%
1986 2.0 Hakeem Olajuwon
76%
2009 2.0 Jason Kidd
76%
2003 2.2 Jason Kidd
76%
2002 2.1 Jason Kidd
76%
2001 2.2 Jason Kidd
76%
2000 2.0 Jason Kidd
76%
1999 2.3 Jason Kidd
76%
1998 2.0 Jason Kidd
76%
1996 2.2 Jason Kidd
76%
1991 2.1 Kevin Johnson
76%
2009 2.2 Dwayne Wade
71%
1999 2.2 Gary Payton
71%
1998 2.3 Gary Payton
71%
1997 2.4 Gary Payton
71%
1996 2.9 Gary Payton
71%
1995 2.5 Gary Payton
71%
1994 2.3 Gary Payton
71%
1993 2.2 Gary Payton
71%
1991 2.0 Gary Payton
71%
1986 2.0 Larry Bird
71%
1981 2.0 Larry Bird
71%
1996 2.2 Alvin Robertson
68%
1993 2.2 Alvin Robertson
68%
1992 2.6 Alvin Robertson
68%
1991 3.0 Alvin Robertson
68%
1990 2.6 Alvin Robertson
68%
1989 3.0 Alvin Robertson
68%
1988 3.0 Alvin Robertson
68%
1987 3.2 Alvin Robertson
68%
1986 3.7 Alvin Robertson
68%
2008 2.0 Allen Iverson
66%
2005 2.4 Allen Iverson
66%
2003 2.7 Allen Iverson
66%
2002 2.8 Allen Iverson
66%
2001 2.5 Allen Iverson
66%
2000 2.1 Allen Iverson
66%
1999 2.3 Allen Iverson
66%
1998 2.2 Allen Iverson
66%
1997 2.1 Allen Iverson
66%
1992 2.3 David Robinson
66%
1986 2.2 Isiah Thomas
66%
1985 2.3 Isiah Thomas
66%
1984 2.5 Isiah Thomas
66%
1983 2.5 Isiah Thomas
66%
1982 2.1 Isiah Thomas
66%
2016 2.0 Rajon Rondo
66%
2011 2.2 Rajon Rondo
66%
2010 2.3 Rajon Rondo
66%
2022 2.0 Dejounte Murray
63%
1977 2.3 Bobby Jones
61%
1976 2.0 Bobby Jones
61%
1975 2.0 Bobby Jones
61%
2008 2.2 Caron Butler
61%
2007 2.1 Caron Butler
61%
2000 2.7 Eddie Jones
61%
1999 2.5 Eddie Jones
61%
1998 2.0 Eddie Jones
61%
1997 2.4 Eddie Jones
61%
1995 2.0 Eddie Jones
61%
1985 2.3 Gus Williams
61%
1984 2.4 Gus Williams
61%
1983 2.3 Gus Williams
61%
1982 2.1 Gus Williams
61%
1980 2.4 Gus Williams
61%
1979 2.1 Gus Williams
61%
1978 2.3 Gus Williams
61%
2021 2.1 Jimmy Butler
61%
2018 2.0 Jimmy Butler
61%
2017 2.0 John Wall
61%
2015 2.3 Kawhi Leonard
61%
1993 2.2 Michael Williams
61%
1992 2.9 Michael Williams
61%
1991 2.1 Michael Williams
61%
1984 2.1 Ray Williams
61%
1982 2.4 Ray Williams
61%
1981 2.3 Ray Williams
61%
1980 2.0 Ray Williams
61%
1988 2.5 Mark Jackson
58%
1979 2.2 Randy Smith
58%
1978 2.1 Randy Smith
58%
1977 2.1 Randy Smith
58%
1974 2.5 Randy Smith
58%
1982 2.0 Julius Erving
55%
1981 2.1 Julius Erving
55%
1980 2.2 Julius Erving
55%
1976 2.5 Julius Erving
55%
1975 2.2 Julius Erving
55%
1974 2.3 Julius Erving
55%
1980 2.1 Sonny Parker
55%
2017 2.0 Draymond Green
53%
1975 2.1 Lucius Allen
53%
1984 2.7 Rickey Green
53%
1983 2.8 Rickey Green
53%
1982 2.3 Rickey Green
53%
2015 2.0 Tony Allen
53%
1999 2.2 Anfernee Hardaway
50%
1996 2.0 Anfernee Hardaway
50%
1994 2.3 Anfernee Hardaway
50%
2008 2.3 Baron Davis
50%
2007 2.1 Baron Davis
50%
2004 2.4 Baron Davis
50%
2002 2.1 Baron Davis
50%
2001 2.1 Baron Davis
50%
1990 2.0 Clyde Drexler
50%
1989 2.7 Clyde Drexler
50%
1988 2.5 Clyde Drexler
50%
1987 2.5 Clyde Drexler
50%
1986 2.6 Clyde Drexler
50%
1985 2.2 Clyde Drexler
50%
1988 2.1 Maurice Cheeks
50%
1987 2.6 Maurice Cheeks
50%
1986 2.5 Maurice Cheeks
50%
1985 2.2 Maurice Cheeks
50%
1984 2.3 Maurice Cheeks
50%
1983 2.3 Maurice Cheeks
50%
1982 2.6 Maurice Cheeks
50%
1981 2.4 Maurice Cheeks
50%
1980 2.3 Maurice Cheeks
50%
1979 2.1 Maurice Cheeks
50%
2019 2.2 Paul George
50%
2018 2.0 Paul George
50%
1992 2.0 Tim Hardaway
50%
1991 2.6 Tim Hardaway
50%
1990 2.1 Tim Hardaway
50%
1994 2.0 Dee Brown
47%
1975 2.3 Fred Brown
47%
2008 2.1 Gerald Wallace
47%
2007 2.0 Gerald Wallace
47%
2006 2.5 Gerald Wallace
47%
1986 2.2 Charles Barkley
45%
1990 2.3 Derek Harper
45%
1989 2.1 Derek Harper
45%
1988 2.0 Derek Harper
45%
1987 2.2 Derek Harper
45%
2008 2.3 Metta World Peace
45%
2007 2.1 Metta World Peace
45%
2004 2.1 Metta World Peace
45%
2003 2.3 Metta World Peace
45%
2002 2.6 Metta World Peace
45%
2001 2.0 Metta World Peace
45%
2000 2.1 Paul Pierce
45%
1993 2.2 Ron Harper
45%
1989 2.3 Ron Harper
45%
1987 2.5 Ron Harper
45%
1993 2.0 Muggsy Bogues
42%
1992 2.1 Muggsy Bogues
42%
1990 2.0 Muggsy Bogues
42%
1997 2.2 Rick Fox
42%
2014 2.1 Thaddeus Young
42%
1989 2.0 Darrell Walker
39%
1985 2.0 Darrell Walker
39%
1980 2.0 Foots Walker
39%
1979 2.4 Foots Walker
39%
1978 2.2 Foots Walker
39%
2013 2.0 Kemba Walker
39%
2013 2.2 Mike Conley
39%
2012 2.2 Mike Conley
39%
1994 2.0 Fat Lever
37%
1990 2.1 Fat Lever
37%
1989 2.7 Fat Lever
37%
1988 2.7 Fat Lever
37%
1986 2.3 Fat Lever
37%
1985 2.5 Fat Lever
37%
1997 2.0 Greg Anthony
37%
2001 2.4 Mookie Blaylock
37%
2000 2.0 Mookie Blaylock
37%
1999 2.1 Mookie Blaylock
37%
1998 2.6 Mookie Blaylock
37%
1997 2.7 Mookie Blaylock
37%
1996 2.6 Mookie Blaylock
37%
1995 2.5 Mookie Blaylock
37%
1994 2.6 Mookie Blaylock
37%
1993 2.5 Mookie Blaylock
37%
1992 2.4 Mookie Blaylock
37%
1991 2.3 Mookie Blaylock
37%
2008 2.0 Shawn Marion
37%
2006 2.0 Shawn Marion
37%
2005 2.0 Shawn Marion
37%
2004 2.1 Shawn Marion
37%
2003 2.3 Shawn Marion
37%
1991 2.0 Terry Porter
37%
1987 2.0 Terry Porter
37%
1975 2.4 Walt Frazier
37%
1974 2.0 Walt Frazier
37%
2016 2.1 Kyle Lowry
34%
1994 2.2 Latrell Sprewell
34%
2020 2.1 Ben Simmons
32%
1992 2.1 Chris Mullin
32%
1991 2.1 Chris Mullin
32%
1989 2.1 Chris Mullin
32%
1989 2.0 Gary Grant
32%
1997 2.0 Kenny Anderson
29%
2008 2.1 Andre Iguodala
26%
2007 2.0 Andre Iguodala
26%
1989 2.4 Doc Rivers
26%
1987 2.1 Doc Rivers
26%
1985 2.4 Doc Rivers
26%
1992 2.0 Jeff Hornacek
26%
2003 2.2 Doug Christie
24%
2002 2.0 Doug Christie
24%
2001 2.3 Doug Christie
24%
1999 2.3 Doug Christie
24%
1998 2.4 Doug Christie
24%
1997 2.5 Doug Christie
24%
2006 2.0 Gilbert Arenas
24%
1991 2.2 Hersey Hawkins
24%
1991 2.2 Michael Adams
24%
1989 2.2 Michael Adams
24%
1988 2.0 Michael Adams
24%
2016 2.1 Ricky Rubio
24%
2014 2.3 Ricky Rubio
24%
2013 2.4 Ricky Rubio
24%
2016 2.0 Trevor Ariza
24%
2018 2.4 Victor Oladipo
24%
2000 2.1 Darrell Armstrong
21%
1999 2.2 Darrell Armstrong
21%
2009 2.0 Mario Chalmers
21%
1986 2.7 Michael Ray Richardson
21%
1985 3.0 Michael Ray Richardson
21%
1983 2.8 Michael Ray Richardson
21%
1982 2.6 Michael Ray Richardson
21%
1981 2.9 Michael Ray Richardson
21%
1980 3.2 Michael Ray Richardson
21%
2013 2.1 Monta Ellis
21%
2011 2.1 Monta Ellis
21%
2010 2.2 Monta Ellis
21%
1979 2.5 Norm Nixon
21%
1995 2.1 Nate McMillan
18%
1994 3.0 Nate McMillan
18%
1993 2.4 Nate McMillan
18%
1989 2.1 Nate McMillan
18%
1988 2.1 Nate McMillan
18%
1976 2.6 Paul Westphal
18%
1977 2.2 Rick Barry
18%
1976 2.5 Rick Barry
18%
1975 2.9 Rick Barry
18%
1974 2.1 Rick Barry
18%
1989 2.2 Winston Garland
18%
1985 2.8 Johnny Moore
16%
1983 2.5 Johnny Moore
16%
1982 2.1 Johnny Moore
16%
1999 2.7 Kendall Gill
16%
2005 2.9 Larry Hughes
16%
1992 2.0 Mark Macon
16%
1999 2.1 Eric Snow
13%
1975 2.1 Freddie Lewis
13%
2001 2.1 Terrell Brandon
13%
2006 2.3 Brevin Knight
11%
2005 2.0 Brevin Knight
11%
1998 2.5 Brevin Knight
11%
1978 2.0 Chris Ford
11%
1977 2.2 Chris Ford
11%
1976 2.2 Chris Ford
11%
1982 2.0 Don Buse
11%
1978 2.3 Don Buse
11%
1977 3.5 Don Buse
11%
1976 4.1 Don Buse
11%
1975 2.1 Don Buse
11%
1981 2.3 Dudley Bradley
11%
1980 2.6 Dudley Bradley
11%
1979 2.5 M.L. Carr
11%
1977 2.0 M.L. Carr
11%
1979 2.2 Phil Ford
11%
1992 2.0 Sedale Threatt
11%
1999 2.1 Charlie Ward
8%
2018 2.0 Eric Bledsoe
8%
1978 2.0 John Lucas
8%
2020 2.0 Kris Dunn
8%
1976 2.1 Larry Steele
8%
1975 2.4 Larry Steele
8%
1974 2.7 Larry Steele
8%
1977 2.2 Lionel Hollins
8%
1976 2.0 Norm Van Lier
8%
1975 2.0 Norm Van Lier
8%
1974 2.0 Norm Van Lier
8%
1981 2.0 Ron Lee
8%
1978 2.7 Ron Lee
8%
1977 2.7 Slick Watts
8%
1976 3.2 Slick Watts
8%
1975 2.3 Slick Watts
8%
1976 2.0 Steve Mix
8%
1974 2.6 Steve Mix
8%
1984 2.2 T.R. Dunn
8%
1975 2.2 Jerry Sloan
5%
1974 2.4 Jerry Sloan
5%
1977 2.1 Larry Kenon
5%
1981 2.0 Robert Reid
5%
1994 2.4 Eric Murdock
3%
1993 2.2 Eric Murdock
3%
1986 2.1 Paul Pressey
3%
1982 2.5 Quinn Buckner
3%
1981 2.4 Quinn Buckner
3%
1980 2.0 Quinn Buckner
3%
1978 2.3 Quinn Buckner
3%
1977 2.4 Quinn Buckner
3%
1994 2.2 Tom Gugliotta
3%
1983 2.1 Allen Leavell
0%
1977 2.8 Brian Taylor
0%
1976 2.3 Brian Taylor
0%
1975 2.8 Brian Taylor
0%
1974 2.1 Brian Taylor
0%
1986 2.0 Darwin Cook
0%
1984 2.0 Darwin Cook
0%
1983 2.4 Darwin Cook
0%
1999 2.0 David Wesley
0%
1997 2.2 David Wesley
0%
1976 2.7 Fatty Taylor
0%
1975 2.3 Fatty Taylor
0%
1974 2.7 Fatty Taylor
0%
1999 2.0 George Lynch
0%
1977 2.1 George McGinnis
0%
1976 2.6 George McGinnis
0%
1975 2.6 George McGinnis
0%
1974 2.0 George McGinnis
0%
1974 2.2 Joe Caldwell
0%
1990 2.1 Lester Conner
0%
1989 2.2 Lester Conner
0%
1985 2.0 Lester Conner
0%
1984 2.0 Lester Conner
0%
1978 2.3 Mike Gale
0%
1977 2.3 Mike Gale
0%
1974 2.1 Mike Gale
0%
1976 2.0 Phil Chenier
0%
1975 2.3 Phil Chenier
0%
1974 2.0 Phil Chenier
0%
1975 2.0 Ralph Simpson
0%
1978 2.2 Ricky Sobers
0%
1976 2.0 Ron Boone
0%
1974 3.0 Ted McClain
0%
1991 2.0 Tyrone Corbin
0%
1990 2.1 Tyrone Corbin
0%
1978 2.0 Wilbur Holland
0%
1977 2.1 Wilbur Holland
0%
No matching quizzes found
Score Distribution
Percent of People with Each Score
Percentile by Number Answered
Your Score History
You have not taken this quiz since the last reset